000
00343nam a2200121Ia 4500
003
GCL
008
140319s9999 xx 000 0 ara d
040
_a
GCL /
_c
GCL
082
0
4
_a
958.1
_b
ا ا
245
1
0
_a
افغانستان والسيد جمال الدين الافغانى
260
_a
[S.N] :
_b
مكتبة الاداب ،
_c
1980
490
_a
999
_c
54893
_d
54893